| 000 | 00349nam a2200145Ia 4500 | ||
|---|---|---|---|
| 008 | 191201s2004 xx 000 0 und d | ||
| 082 |
_a511.32 _bKLF |
||
| 100 | _aKLIR, George J | ||
| 245 | 0 | _aFuzzy Sets, Uncertainty, and Information | |
| 250 | _a2nd | ||
| 260 |
_aN.Delhi _bPHI _c2004 |
||
| 300 | _a355 | ||
| 650 | _aB.Tech(CSE) | ||
| 942 |
_2ddc _cBK |
||
| 999 |
_c1413 _d1413 |
||